LEADER 01170cam0-2200361---450- 001 990004345490403321 005 20150916154406.0 010 $a84-7202-231-5 035 $a000434549 035 $aFED01000434549 035 $a(Aleph)000434549FED01 035 $a000434549 100 $a19990604g19741975km-y0itay50------ba 101 1 $acat$cfre 102 $aES 105 $aa-------001yy 200 1 $aViatge pintoresc i històric$fAlexandre De Laborde$gtraducció i apèndix d'Oriol Valls I Subirà$gnotes de Josep Massot I Muntaner 210 $aMontserrat$cAbadia de Montserrat$d1974-1975 215 $a2 v.$cill.$d28 cm 225 1 $aBiblioteca Abat Oliba$iSerie illustrada$v2 327 0 $a2.: El pais Valencià i les illes Balears. - 1975 610 0 $aCatalogna$aStoria 610 0 $aBaleari $aStoria 676 $a946.7$v22$zita 700 1$aLaborde,$bAlexandre de$f<1773-1842> 702 1$aValls I Subira,$bOriol 702 1$aMassot i Muntaner,$bJosep$f<1941- > 801 0$aIT$bUNINA$gRICA$2UNIMARC 901 $aBK 912 $a990004345490403321 952 $a946.7 LAB 1(2)$bDip.f.m.5907$fFLFBC 959 $aFLFBC 997 $aUNINA LEADER 01135nam--2200385---450- 001 990003245080203316 005 20090514123029.0 010 $a978-90-272-2305-0 035 $a000324508 035 $aUSA01000324508 035 $a(ALEPH)000324508USA01 035 $a000324508 100 $a20090514d2008----km-y0itay50------ba 101 $aeng 102 $aNL 105 $a||||||||001yy 200 1 $aCorpora and discourse$ethe challenges of different settings$fedited by Annelie Adel and Randi Reppen 210 $aAmsterdam$aPhiladelphia$cJohn Benjamins$dcopyr. 2008 215 $aVI, 295 p.$d25 cm 225 2 $aStudies in corpus linguistics$v31 410 0$12001$aStudies in corpus linguistics 454 1$12001 461 1$1001-------$12001 606 0 $aAnalisi del discorso 676 $a401.410285 700 1$aÄDEL,$bAnnelie$0600189 701 1$aREPPEN,$0604163 801 0$aIT$bsalbc$gISBD 912 $a990003245080203316 951 $aI.8.F.24$b9101 DSLL 959 $aBK 969 $aDSLL 979 $aDSLL$b90$c20090514$lUSA01$h1230 996 $aCorpora and discourse$91013127 997 $aUNISA LEADER 01656nam 2200457 a 450 001 9910701928403321 005 20120730124221.0 035 $a(CKB)5470000002422836 035 $a(OCoLC)802288574 035 $a(EXLCZ)995470000002422836 100 $a20120730d1977 ua 0 101 0 $aeng 135 $aurbn||||||||| 181 $ctxt$2rdacontent 182 $cc$2rdamedia 183 $acr$2rdacarrier 200 10$aRemote sensing of oceanic parameters during the Skylab/Gamefish Experiment$b[electronic resource] /$fKenneth H. Faller 210 1$aWashington, D.C. :$cNational Aeronautics and Space Administration, Scientific and Technical Information Office,$d[1977] 215 $a1 online resource (v, 38 pages) $cillustrations 225 1 $aNASA reference publication ;$v1012 300 $aTitle from title screen (viewed on July 30, 2012). 300 $a"November 1977." 300 $a"Performing organization, Lyndon B. Johnson Space Center"--Rept. documentation p. 320 $aIncludes bibliographical references (pages 37-38). 606 $aOceanography$xRemote sensing 606 $aFishes$2nasat 606 $aOceanographic parameters$2nasat 606 $aRemote sensors$2nasat 606 $aSkylab program$2nasat 615 0$aOceanography$xRemote sensing. 615 7$aFishes. 615 7$aOceanographic parameters. 615 7$aRemote sensors. 615 7$aSkylab program. 700 $aFaller$b Kenneth H$01405258 801 0$bGPO 801 1$bGPO 906 $aBOOK 912 $a9910701928403321 996 $aRemote sensing of oceanic parameters during the Skylab$93481401 997 $aUNINA LEADER 05027nam 22006015 450 001 996352544603316 005 20231110225026.0 010 $a3-11-066681-2 024 7 $a10.1515/9783110666816 035 $a(CKB)4100000011343795 035 $a(DE-B1597)525862 035 $a(DE-B1597)9783110666816 035 $a(OCoLC)1163877838 035 $a(MiAaPQ)EBC6637675 035 $a(Au-PeEL)EBL6637675 035 $a(OCoLC)1273980845 035 $a(EXLCZ)994100000011343795 100 $a20200707h20202020 fg 101 0 $ager 135 $aur||||||||||| 181 $ctxt$2rdacontent 182 $cc$2rdamedia 183 $acr$2rdacarrier 200 00$aGeistliche Liederdichter zwischen Liturgie und Volkssprache $eÜbertragungen, Bearbeitungen, Neuschöpfungen in Mittelalter und Früher Neuzeit /$fAndreas Kraß, Matthias Standke 210 1$aBerlin ;$aBoston : $cDe Gruyter, $d[2020] 210 4$d©2020 215 $a1 online resource (VIII, 301 p.) 225 0 $aLiturgie und Volkssprache ;$v5 311 $a3-11-066678-2 327 $tFrontmatter -- $tInhalt -- $tVorwort -- $tEinleitung -- $tGeistliche Liederdichterinnen? Mechthild von Magdeburg, Mechthild von Hackeborn, Gertrud von Helfta -- $tLeich und Sequenz. Walther von der Vogelweide als geistlicher Liederdichter -- $tDie Gebetsstrophen des Kanzlers im Goldenen Ton ? ein ?geistliches Sangspruchlied?? -- $tEin ?volles Lied?. Übertragung und Klang am Beispiel der geistlichen Lieder des Mönchs von Salzburg -- $tKann denn Minne Sünde sein? Poetische Gratwanderungen zwischen Marien- und Frauenverehrung bei Hugo von Montfort und Oswald von Wolkenstein -- $tDie Performanz des Schmerzes. Poetische Inszenierungsstrategien von passio und compassio bei Oswald von Wolkenstein -- $tDas Ich im Fokus. Sprecher-Inszenierungen in den geistlichen Liedern Oswalds von Wolkenstein -- $tMuscatblut, trefflich gut? -- $tKanonische Texte in poetischer Form -- $tGeschichten über Lucifer im anonymen Meistergesang des fünfzehnten und sechzehnten Jahrhunderts. Unter besonderer Berücksichtigung der Lieder in Regenbogens ?Langem Ton? -- $tArs memorativa und Strategien der Heilssicherung in lyrischen Texten Heinrich Laufenbergs. Drei exemplarische Lektüren -- $tSebastian Brants Übertragung des Mariengrußes Ave, salve, gaude, vale und ihre Aneignung durch den Basler Kartäuser Ludwig Moser -- $tAutorschaft im frühen Druckhymnar -- $tIndex -- $tAbkürzungsverzeichnis -- $tAutorenverzeichnis 330 $aComposers of spiritual songs in the Middle Ages and Early Modern Period, including the Monk of Salzburg, Oswald von Wolkenstein, Heinrich Laufenberg, and Sebastian Brant, engaged productively with the tradition of Latin hymns and sequences. This volume collects thirteen studies on songs by these and other composers who stood at the intersection between liturgy and the vernacular. 330 $aWelchen Beitrag haben die geistlichen Liederdichter des Mittelalters und der Frühen Neuzeit zur volkssprachlichen Aneignung lateinischer Hymnen und Sequenzen in Mittelalter und Früher Neuzeit geleistet? Auf diese Frage antwortet der Sammelband mit dreizehn exemplarischen Fallstudien zu so unterschiedlichen Verfasserinnen und Verfassern wie Walther von der Vogelweide, dem Kanzler, Mechthild von Magdeburg, Mechthild von Hackeborn, Gertrud von Helfta, dem Mönch von Salzburg, Hugo von Montfort, Oswald von Wolkenstein, Heinrich Laufenberg, Michael Beheim, Sebastian Brant und Hans Sachs, die sich im Medium der deutschen Sprache produktiv mit der Tradition des lateinischen liturgischen Lieds auseinandersetzten und so zur Vorgeschichte des Kirchenlieds beitrugen. Der Band fragt nach den rezeptions- und produktionsästhetischen Bedingungen und Leistungen der geistlichen Lieder, ihrer Position im Spannungsfeld von Liturgie und Volkssprache, ihren vielfachen intertextuellen Bezügen untereinander sowie nach den sozialen Milieus, in denen sie gedichtet und gesungen wurden. Der Band richtet sich nicht nur an die germanistische Mediävistik, sondern auch an die Liturgie-, Musik- und Geschichtswissenschaft. 410 0$aLiturgie und Volkssprache 606 $aAutorschaft 606 $aGeistliches Lied 606 $aVernacular spiritual songs 606 $amedieval German poets 606 $aLITERARY CRITICISM / European / German$2bisacsh 610 $aVernacular spiritual songs. 610 $amedieval German poets. 615 4$aAutorschaft. 615 4$aGeistliches Lied. 615 4$aVernacular spiritual songs. 615 4$amedieval German poets. 615 7$aLITERARY CRITICISM / European / German. 702 $aKraß$b Andreas, $4edt$4http://id.loc.gov/vocabulary/relators/edt 702 $aStandke$b Matthias, $4edt$4http://id.loc.gov/vocabulary/relators/edt 801 0$bDE-B1597 801 1$bDE-B1597 906 $aBOOK 912 $a996352544603316 996 $aGeistliche Liederdichter zwischen Liturgie und Volkssprache$92079877 997 $aUNISA